[Event "Sampa Chess Open - Local Piso Superior (ao lado da Renner) às 19h00"]
[Site "Shopping Metrô Tatuapé - Rua Domingos Agostim, 91, São Paulo/SP 03306-010"]
[Date "2024.02.02"]
[Round "6"]
[Board "52"]
[White "Leal, Alexandre Garcia"]
[Black "Santana, Expedito"]
[Result "1-0"]
[WhiteElo "1899"]
[BlackElo "1408"]
[PlyCount "95"]
[EventDate "2024.01.29"]
[EventRounds "9"]
[EventCountry "BRA"]

1. d4 d5 2. c4 c6 3. e3 Bf5 4. Nc3 e6 5. Nf3 Nf6 6. cxd5 exd5 7. Bd3 Bxd3 8. Qxd3
Bd6 9. O-O O-O 10. a3 Nbd7 11. b4 a6 12. Nd2 Bxh2+ 13. Kxh2 Ng4+ 14. Kg1 Qh4 15.
Nf3 Qh5 16. e4 dxe4 17. Nxe4 Rad8 18. Ng3 Qd5 19. Qf5 Qxf5 20. Nxf5 h6 21. Ne3 Ngf6
22. d5 cxd5 23. Bb2 g6 24. Rfd1 Rfe8 25. Nxd5 Nxd5 26. Rxd5 Nb6 27. Rxd8 Rxd8 28.
Rc1 Rc8 29. Rxc8+ Nxc8 30. Ne5 Ne7 31. Nd7 Nc8 32. Nc5 Nd6 33. Be5 Nc4 34. Bc7 Nxa3
35. Nxb7 Nc2 36. Ba5 Nd4 37. Nc5 Nc6 38. Nxa6 Kf8 39. Kf1 Ke7 40. Ke2 f5 41. Nc5
Kd6 42. Nb3 g5 43. b5 Nxa5 44. Nxa5 Kc5 45. Nc4 Kxb5 46. Nd6+ Kc5 47. Nxf5 h5 48.
Ng7  1-0

[Event "Sampa Chess Open - Local Piso Superior (ao lado da Renner) às 19h00"]
[Site "Shopping Metrô Tatuapé - Rua Domingos Agostim, 91, São Paulo/SP 03306-010"]
[Date "2024.02.02"]
[Round "6"]
[Board "53"]
[White "Pereira, Igor Marcelo Souza"]
[Black "De Oliveira, Lucas Silva"]
[Result "0-1"]
[WhiteElo "1351"]
[BlackElo "1800"]
[PlyCount "128"]
[EventDate "2024.01.29"]
[EventRounds "9"]
[EventCountry "BRA"]

1. e4 c5 2. Nf3 d6 3. d4 cxd4 4. Nxd4 Nf6 5. Nc3 a6 6. f3 e5 7. Nb3 Be6 8. Be3 h5
9. Qd2 Nbd7 10. Be2 Rc8 11. Nd5 b5 12. Na5 Bxd5 13. exd5 Nxd5 14. Nb7 Qc7 15. Qxd5
Rb8 16. O-O-O Qxb7 17. Qd2 Be7 18. g4 hxg4 19. fxg4 Rc8 20. Bg5 Bf8 21. h4 Qc7 22.
h5 Nb6 23. Rhe1 Nd5 24. Kb1 Qc5 25. Qxd5 Qxc2+ 26. Ka1 Qc5 27. Qxc5 Rxc5 28. Rc1
Rxc1+ 29. Rxc1 Kd7 30. a4 bxa4 31. Bxa6 f6 32. Be3 d5 33. Bb5+ Ke6 34. Bxa4 d4 35.
Bd2 Bd6 36. b4 Ra8 37. Kb2 Rxa4 38. Kb3 Ra7 39. b5 Kd5 40. Bb4 Rb7 41. Bxd6 Kxd6
42. Kb4 e4 43. Ka5 d3 44. Ka6 Re7 45. b6 e3 46. b7 Rxb7 47. Kxb7 d2 48. Rd1 Ke5 49.
Kc6 Kf4 50. Kd5 Kf3 51. Ke6 e2 52. Rxd2 e1=Q+ 53. Kf7 Qxd2 54. Kxg7 Qg5+ 55. Kh7
Kxg4 56. h6 Qxh6+ 57. Kxh6 f5 58. Kg6 f4 59. Kh7 f3 60. Kh8 f2 61. Kh7 f1=Q 62. Kh8
Qa6 63. Kg8 Qb7 64. Kf8 Kf5  0-1

[Event "Sampa Chess Open - Local Piso Superior (ao lado da Renner) às 19h00"]
[Site "Shopping Metrô Tatuapé - Rua Domingos Agostim, 91, São Paulo/SP 03306-010"]
[Date "2024.02.02"]
[Round "6"]
[Board "54"]
[White "De Bastiani, Tales Otavio"]
[Black "Damasio, Fabio Ferreira"]
[Result "0-1"]
[WhiteElo "1800"]
[BlackElo "1296"]
[PlyCount "54"]
[EventDate "2024.01.29"]
[EventRounds "9"]
[EventCountry "BRA"]

1. c4 Nf6 2. Nf3 g6 3. g3 Bg7 4. Bg2 O-O 5. O-O d6 6. Nc3 Nbd7 7. d3 Rb8 8. Be3 c5
9. h3 b6 10. Qd2 Re8 11. d4 Qc7 12. b3 a6 13. Rac1 Bb7 14. d5 Ba8 15. Bg5 e6 16.
e4 exd5 17. exd5 b5 18. Qd3 b4 19. Na4 Ne4 20. Bd2 Nxd2 21. Nxd2 Re7 22. Ne4 Rbe8
23. Rfe1 Bh6 24. Rcd1 f5 25. Naxc5 Nxc5 26. Nf6+ Kh8 27. Rxe7 Rxe7  0-1

[Event "Sampa Chess Open - Local Piso Superior (ao lado da Renner) às 19h00"]
[Site "Shopping Metrô Tatuapé - Rua Domingos Agostim, 91, São Paulo/SP 03306-010"]
[Date "2024.02.02"]
[Round "6"]
[Board "56"]
[White "Desideri, Enzo Piuchi"]
[Black "Ruvieri, Valter"]
[Result "1-0"]
[WhiteElo "1730"]
[BlackElo "1067"]
[PlyCount "73"]
[EventDate "2024.01.29"]
[EventRounds "9"]
[EventCountry "BRA"]

1. e4 e5 2. f4 d6 3. Nf3 Nd7 4. Bc4 Be7 5. c3 exf4 6. d4 Bh4+ 7. Kd2 Nb6 8. Qb3 Nxc4+
9. Qxc4 Be6 10. d5 Bg4 11. Kc2 Bg5 12. h4 Bh6 13. Na3 a6 14. Bd2 Qe7 15. Rae1 O-O-O
16. Kb1 Qf6 17. h5 Bxf3 18. gxf3 g6 19. hxg6 hxg6 20. Nc2 Bg7 21. Rxh8 Bxh8 22. Nb4
Ne7 23. Nd3 g5 24. e5 dxe5 25. Nxe5 Qf5+ 26. Kc1 Bxe5 27. Qe2 Rxd5 28. c4 Bxb2+ 29.
Kxb2 Qd7 30. cxd5 Nxd5 31. Rd1 Nb6 32. Bb4 Qa4 33. a3 c5 34. Qd3 Nd7 35. Bxc5 Qc6
36. Bb4 Ne5 37. Qd8#  1-0

[Event "Sampa Chess Open - Local Piso Superior (ao lado da Renner) às 19h00"]
[Site "Shopping Metrô Tatuapé - Rua Domingos Agostim, 91, São Paulo/SP 03306-010"]
[Date "2024.02.03"]
[Round "7"]
[Board "1"]
[White "Fier, Alexandr"]
[Black "Perdomo, Leandro"]
[Result "1/2-1/2"]
[WhiteElo "2549"]
[BlackElo "2382"]
[PlyCount "35"]
[EventDate "2024.01.29"]
[EventRounds "9"]
[EventCountry "BRA"]

1. d4 Nf6 2. c4 g6 3. Nc3 Bg7 4. e4 d6 5. Be2 O-O 6. Nf3 e5 7. O-O Nc6 8. d5 Ne7
9. b4 Ne8 10. c5 f5 11. a4 Nf6 12. Nd2 Bh6 13. exf5 gxf5 14. Nc4 f4 15. Bf3 Nf5 16.
Ne4 Nd4 17. Nxf6+ Qxf6 18. Bb2  1/2-1/2

[Event "Sampa Chess Open - Local Piso Superior (ao lado da Renner) às 19h00"]
[Site "Shopping Metrô Tatuapé - Rua Domingos Agostim, 91, São Paulo/SP 03306-010"]
[Date "2024.02.03"]
[Round "7"]
[Board "2"]
[White "Passos, Marco Aurelio Novaes"]
[Black "Shumyatsky, Victor"]
[Result "0-1"]
[WhiteElo "1671"]
[BlackElo "2457"]
[PlyCount "62"]
[EventDate "2024.01.29"]
[EventRounds "9"]
[EventCountry "BRA"]

1. e4 e5 2. Nf3 Nc6 3. Bc4 Bc5 4. c3 Nf6 5. d4 exd4 6. e5 d5 7. Bb5 Ne4 8. cxd4 Bb6
9. Nc3 O-O 10. h3 f6 11. O-O fxe5 12. Nxe4 dxe4 13. Bc4+ Kh8 14. Ng5 Bf5 15. Nf7+
Rxf7 16. Bxf7 exd4 17. Qh5 Qd7 18. Bg5 Ne5 19. Bb3 Bg6 20. Qh4 c5 21. Rac1 Nd3 22.
Rc2 Bc7 23. Be7 b6 24. a4 Re8 25. Bg5 Qd6 26. g3 Ne5 27. Bf4 Nf3+ 28. Kh1 Qf8 29.
Qg4 Bf5 30. Qh5 Bxf4 31. gxf4 g6  0-1

[Event "Sampa Chess Open - Local Piso Superior (ao lado da Renner) às 19h00"]
[Site "Shopping Metrô Tatuapé - Rua Domingos Agostim, 91, São Paulo/SP 03306-010"]
[Date "2024.02.03"]
[Round "7"]
[Board "3"]
[White "Ticona Rocabado, Licael Roderick"]
[Black "Flores Quillas, Diego Saul Rodri"]
[Result "0-1"]
[WhiteElo "2350"]
[BlackElo "2429"]
[PlyCount "112"]
[EventDate "2024.01.29"]
[EventRounds "9"]
[EventCountry "BRA"]

1. d4 Nf6 2. c4 c5 3. Nf3 cxd4 4. Nxd4 e5 5. Nb5 d5 6. cxd5 Bc5 7. e3 O-O 8. Bc4
a6 9. N5c3 e4 10. a3 Bf5 11. b4 Bd6 12. h3 Nbd7 13. Bb2 Qe7 14. Nd2 Rac8 15. Be2
Bg6 16. Nc4 Bb8 17. Qb3 Rfe8 18. O-O-O b5 19. Na5 Ne5 20. Nc6 Nxc6 21. dxc6 Rxc6
22. Kb1 Rcc8 23. Nd5 Nxd5 24. Rxd5 Qe6 25. Rc1 Rxc1+ 26. Kxc1 h6 27. Bg4 f5 28. Qc3
Re7 29. Rd8+ Kh7 30. Rxb8 fxg4 31. Qc8 Qxc8+ 32. Rxc8 gxh3 33. gxh3 Bf5 34. Rc6 Bxh3
35. Rxa6 h5 36. Ra5 Bf1 37. a4 Rb7 38. axb5 Bxb5 39. Be5 Kg6 40. Ra8 Kf5 41. Bf4
Kg4 42. Rc8 Bd3 43. Rc5 Rb5 44. Rc7 g5 45. Rg7 h4 46. Kd2 h3 47. Kc3 Kf3 48. Bg3
Kg2 49. Rh7 Rd5 50. Kd2 Rb5 51. Bd6 Rb6 52. Be5 Rb5 53. Bd6 Rf5 54. Bg3 Rf3 55. Rh5
Rxg3 56. fxg3 h2  0-1

[Event "Sampa Chess Open - Local Piso Superior (ao lado da Renner) às 19h00"]
[Site "Shopping Metrô Tatuapé - Rua Domingos Agostim, 91, São Paulo/SP 03306-010"]
[Date "2024.02.03"]
[Round "7"]
[Board "4"]
[White "Oliveira, Silvio Eduardo"]
[Black "Dos Santos Dutra, Fernando Junior Freire"]
[Result "1/2-1/2"]
[WhiteElo "2297"]
[BlackElo "2262"]
[PlyCount "67"]
[EventDate "2024.01.29"]
[EventRounds "9"]
[EventCountry "BRA"]

1. e4 c6 2. d4 d5 3. e5 Bf5 4. Nf3 e6 5. Be2 c5 6. c3 Nc6 7. O-O cxd4 8. Nxd4 Nge7
9. Nxf5 Nxf5 10. Bd3 g6 11. Re1 Bc5 12. Nd2 f6 13. Bxf5 gxf5 14. b4 Bb6 15. Qh5+
Kd7 16. exf6 Qxf6 17. Nf3 a6 18. c4 Rae8 19. b5 axb5 20. cxb5 Qxa1 21. bxc6+ Kc8
22. Qf7 bxc6 23. Bf4 Qb2 24. Rc1 Qb5 25. Ne5 c5 26. Be3 Rhf8 27. Qxh7 Rh8 28. Qf7
Rhf8 29. Qh7 Rh8 30. Qf7 Rhf8 31. Qh7 f4 32. a4 Qxa4 33. Bxc5 Qb5 34. Bd4+  1/2-1/2

[Event "Sampa Chess Open - Local Piso Superior (ao lado da Renner) às 19h00"]
[Site "Shopping Metrô Tatuapé - Rua Domingos Agostim, 91, São Paulo/SP 03306-010"]
[Date "2024.02.03"]
[Round "7"]
[Board "6"]
[White "Gemy, Jose Daniel"]
[Black "Filgueiras, Nathan Felipe"]
[Result "1-0"]
[WhiteElo "2329"]
[BlackElo "2321"]
[PlyCount "122"]
[EventDate "2024.01.29"]
[EventRounds "9"]
[EventCountry "BRA"]

1. Nf3 d5 2. g3 Nf6 3. Bg2 e6 4. O-O Be7 5. d3 O-O 6. Nbd2 c5 7. e4 Nc6 8. Re1 b5
9. a4 bxa4 10. exd5 exd5 11. Rxa4 h6 12. Nb3 Re8 13. Ne5 Nxe5 14. Rxe5 Be6 15. Bd2
Qc7 16. Re1 Bd6 17. Qa1 Re7 18. Ba5 Qb7 19. Bc3 Nh7 20. Na5 Qc8 21. b3 d4 22. Bd2
Bh3 23. Bh1 Rxe1+ 24. Qxe1 Nf6 25. Nc4 Bc7 26. Qe7 Bd8 27. Qb7 Rb8 28. Qxc8 Rxc8
29. Rxa7 Rc7 30. Rxc7 Bxc7 31. Ba5 Bxa5 32. Nxa5 Bc8 33. Bb7 Bxb7 34. Nxb7 Nd7 35.
g4 Kf8 36. Kg2 Ke7 37. Kf3 Ke6 38. h4 g5 39. h5 f5 40. gxf5+ Kxf5 41. Nd6+ Ke6 42.
Ne4 Kf5 43. Kg3 g4 44. Kh2 Ke5 45. Kg3 Kf5 46. f4 gxf3 47. Kxf3 Ne5+ 48. Kg2 Ng4
49. Kf3 Ne5+ 50. Kf2 Kg4 51. Nxc5 Kxh5 52. b4 Kg6 53. Ne6 Nc6 54. b5 Kf5 55. bxc6
Kxe6 56. Kf3 h5 57. Kf4 Kd6 58. Kg5 Kxc6 59. Kxh5 Kd5 60. Kg4 Ke5 61. Kg5 Kd5  1-0

[Event "Sampa Chess Open - Local Piso Superior (ao lado da Renner) às 19h00"]
[Site "Shopping Metrô Tatuapé - Rua Domingos Agostim, 91, São Paulo/SP 03306-010"]
[Date "2024.02.03"]
[Round "7"]
[Board "7"]
[White "Silva, Kaua Marques"]
[Black "Matsuura, Everaldo"]
[Result "1/2-1/2"]
[WhiteElo "2142"]
[BlackElo "2410"]
[PlyCount "104"]
[EventDate "2024.01.29"]
[EventRounds "9"]
[EventCountry "BRA"]

1. e4 g6 2. d4 Bg7 3. Nc3 c6 4. Be3 d5 5. e5 Nh6 6. Qd2 Nf5 7. Bf4 h5 8. Nf3 b5 9.
Bd3 Na6 10. a4 b4 11. Ne2 Qb6 12. a5 Qb7 13. Bxa6 Qxa6 14. Qxb4 Qc4 15. Qd2 c5 16.
b3 Qb5 17. O-O O-O 18. dxc5 Qxc5 19. Ned4 Nxd4 20. Nxd4 Ba6 21. Rfe1 Rac8 22. Re3
e6 23. c3 Rc7 24. b4 Qc4 25. Rae1 Rb8 26. Rf3 Bf8 27. h3 Rxb4 28. Bh6 Rb8 29. Bxf8
Rxf8 30. Qh6 Qc5 31. g4 h4 32. Ree3 Re8 33. Rf6 Qf8 34. Qxh4 Qg7 35. Ref3 Rb7 36.
Kg2 Bc4 37. Qg5 Ba2 38. a6 Rd7 39. Qc1 Rb8 40. Qa3 Bb1 41. Nc6 Re8 42. Kh2 Qh6 43.
Qb2 Be4 44. Rg3 Qg5 45. f4 Qh4 46. Nd4 Qh6 47. Rg1 Qf8 48. Ne2 Rb8 49. Qd2 Qa3 50.
f5 Rb2 51. Qe3 Qxa6 52. Qf2 Qd3  1/2-1/2

[Event "Sampa Chess Open - Local Piso Superior (ao lado da Renner) às 19h00"]
[Site "Shopping Metrô Tatuapé - Rua Domingos Agostim, 91, São Paulo/SP 03306-010"]
[Date "2024.02.03"]
[Round "7"]
[Board "8"]
[White "Perez Gormaz, Matias"]
[Black "Saito, Vinicius"]
[Result "1-0"]
[WhiteElo "2388"]
[BlackElo "2147"]
[PlyCount "69"]
[EventDate "2024.01.29"]
[EventRounds "9"]
[EventCountry "BRA"]

1. e4 c5 2. Nf3 Nc6 3. Bb5 Nf6 4. Nc3 g6 5. e5 Nh5 6. O-O Bg7 7. Re1 Nf4 8. d4 cxd4
9. Nxd4 Ne6 10. Nxe6 fxe6 11. Bf4 O-O 12. Bg3 Qb6 13. a4 a6 14. Bxc6 Qxc6 15. Qd4
b6 16. Qe4 Bb7 17. Qxc6 Bxc6 18. Ne2 Rfc8 19. Nd4 b5 20. axb5 axb5 21. c3 Kf7 22.
h4 g5 23. h5 h6 24. f3 Ra4 25. Rxa4 bxa4 26. Ra1 Rb8 27. Nxc6 dxc6 28. Rxa4 Rxb2
29. f4 Re2 30. fxg5 hxg5 31. Rg4 Bxe5 32. Kf1 Re3 33. Kf2 Rxg3 34. Rxg3 Bxg3+ 35.
Kxg3  1-0

[Event "Sampa Chess Open - Local Piso Superior (ao lado da Renner) às 19h00"]
[Site "Shopping Metrô Tatuapé - Rua Domingos Agostim, 91, São Paulo/SP 03306-010"]
[Date "2024.02.03"]
[Round "7"]
[Board "9"]
[White "Do Nascimento, Christian Almeida"]
[Black "Melian, Juan Sebastian"]
[Result "1-0"]
[WhiteElo "2123"]
[BlackElo "2238"]
[PlyCount "69"]
[EventDate "2024.01.29"]
[EventRounds "9"]
[EventCountry "BRA"]

1. e4 c5 2. c3 Nf6 3. e5 Nd5 4. Nf3 e6 5. d4 cxd4 6. cxd4 b6 7. Nc3 Bb7 8. Be2 Be7
9. O-O O-O 10. Bd3 Nxc3 11. bxc3 d6 12. Qe2 Nd7 13. Re1 Qc7 14. Bf4 Rac8 15. Rac1
Bxf3 16. Qxf3 dxe5 17. dxe5 Nc5 18. Bb1 Rfd8 19. Re3 g6 20. Qg3 Kg7 21. h4 h5 22.
Bg5 Rd5 23. Rce1 Bxg5 24. Qxg5 Qd8 25. Qf4 Rd1 26. Bc2 Rxe1+ 27. Rxe1 Rc7 28. Re3
Qd2 29. Qf6+ Kh7 30. Bb3 Rd7 31. Kh2 b5 32. g4 hxg4 33. h5 g3+ 34. Rxg3 Qh6 35. Bc2
 1-0

[Event "Sampa Chess Open - Local Piso Superior (ao lado da Renner) às 19h00"]
[Site "Shopping Metrô Tatuapé - Rua Domingos Agostim, 91, São Paulo/SP 03306-010"]
[Date "2024.02.03"]
[Round "7"]
[Board "10"]
[White "Cunha, Lucas Aguiar"]
[Black "Vargas, Gabriela"]
[Result "1-0"]
[WhiteElo "2230"]
[BlackElo "2084"]
[PlyCount "99"]
[EventDate "2024.01.29"]
[EventRounds "9"]
[EventCountry "BRA"]

1. e4 e6 2. d4 d5 3. exd5 exd5 4. Bd3 Bd6 5. Qf3 Qe7+ 6. Ne2 Nf6 7. h3 Nc6 8. c3
h6 9. Be3 g5 10. g4 Bd7 11. Nd2 O-O-O 12. O-O-O Rde8 13. Ng3 Bxg3 14. Qxg3 Ne4 15.
Nxe4 dxe4 16. Bc2 Kb8 17. d5 Ne5 18. Bd4 Rhf8 19. Qe3 b6 20. d6 cxd6 21. Bxb6 Bc6
22. Bd4 Nd3+ 23. Bxd3 exd3 24. Rhe1 Qxe3+ 25. Rxe3 Rxe3 26. Bxe3 Be4 27. f3 Bxf3
28. Rxd3 Bg2 29. Rxd6 Bxh3 30. Rxh6 Bxg4 31. Bxg5 f5 32. Bf4+ Kb7 33. Rh7+ Kb6 34.
Be3+ Kc6 35. Bxa7 f4 36. b3 f3 37. Rh2 Re8 38. c4 Bf5 39. Rf2 Re1+ 40. Kd2 Re2+ 41.
Kc3 Bb1 42. a4 Re7 43. Bd4 Be4 44. b4 Rh7 45. b5+ Kb7 46. a5 Rh1 47. a6+ Kc8 48.
b6 Rc1+ 49. Kb4 Rb1+ 50. Kc5  1-0

[Event "Sampa Chess Open - Local Piso Superior (ao lado da Renner) às 19h00"]
[Site "Shopping Metrô Tatuapé - Rua Domingos Agostim, 91, São Paulo/SP 03306-010"]
[Date "2024.02.03"]
[Round "7"]
[Board "12"]
[White "Batista, Renato Luiz"]
[Black "Kropff, Ricardo"]
[Result "1-0"]
[WhiteElo "2174"]
[BlackElo "2052"]
[PlyCount "89"]
[EventDate "2024.01.29"]
[EventRounds "9"]
[EventCountry "BRA"]

1. e4 e5 2. Nf3 Nc6 3. Bb5 a6 4. Ba4 d6 5. Bxc6+ bxc6 6. d4 exd4 7. Qxd4 c5 8. Qe3
Be7 9. O-O Nf6 10. Nc3 O-O 11. Rd1 Bb7 12. h3 Nd7 13. Nd5 Bxd5 14. exd5 Bf6 15. Rb1
Re8 16. Qd3 Qb8 17. Bd2 Qb5 18. c4 Qa4 19. Bc3 Qxa2 20. Nd2 Bxc3 21. Qxc3 Reb8 22.
Re1 Qa4 23. Re7 Ne5 24. b3 Qb4 25. Qxb4 cxb4 26. Rxc7 a5 27. Ne4 Rb6 28. f4 Nd3 29.
Kh2 f5 30. Ng5 Nc5 31. Ne6 Nxe6 32. dxe6 Re8 33. Re1 Ra6 34. Rb7 h6 35. g4 fxg4 36.
hxg4 Kf8 37. Rf7+ Kg8 38. f5 a4 39. bxa4 Rxa4 40. Rd1 Rf8 41. Rb7 Ra2+ 42. Kg3 Re2
43. Rxd6 Re4 44. Rdd7 Rxc4 45. Rxg7+  1-0

[Event "Sampa Chess Open - Local Piso Superior (ao lado da Renner) às 19h00"]
[Site "Shopping Metrô Tatuapé - Rua Domingos Agostim, 91, São Paulo/SP 03306-010"]
[Date "2024.02.03"]
[Round "7"]
[Board "13"]
[White "Fernandes De Sousa, Julio Cesar"]
[Black "Cruz, Natan Gomes"]
[Result "1-0"]
[WhiteElo "2162"]
[BlackElo "1888"]
[PlyCount "111"]
[EventDate "2024.01.29"]
[EventRounds "9"]
[EventCountry "BRA"]

1. e4 c6 2. Nc3 d5 3. Nf3 dxe4 4. Nxe4 Nf6 5. Qe2 Nxe4 6. Qxe4 Qd5 7. Qf4 Qf5 8.
Qe3 Qe6 9. d4 Qxe3+ 10. Bxe3 Bf5 11. O-O-O e6 12. Ne5 h5 13. Be2 Bd6 14. h3 h4 15.
Bd3 Bxd3 16. Nxd3 Nd7 17. Rhe1 O-O-O 18. c4 Rh5 19. Kc2 Bc7 20. Re2 Nf6 21. f3 Rf5
22. Bf2 Nh5 23. Bxh4 Rxd4 24. Re4 Rxe4 25. fxe4 Ra5 26. Rf1 f5 27. exf5 Rxf5 28.
Re1 Nf4 29. g4 Nxd3 30. Kxd3 Rf3+ 31. Re3 Rxe3+ 32. Kxe3 Kd7 33. Ke4 Bd6 34. Bf2
c5 35. h4 Ke7 36. b4 b6 37. b5 Kf7 38. Be3 Kf6 39. Bg5+ Kg6 40. Bd8 Kf7 41. a4 Ke8
42. Bg5 Kd7 43. h5 Bf8 44. Bf4 Ke8 45. Bb8 Kd7 46. g5 Kc8 47. Bf4 Kd7 48. h6 gxh6
49. gxh6 Bxh6 50. Bxh6 Kd8 51. Ke5 Kd7 52. Bg5 Kc8 53. Kxe6 Kc7 54. Bf4+ Kc8 55.
Kd6 Kb7 56. Be3  1-0

[Event "Sampa Chess Open - Local Piso Superior (ao lado da Renner) às 19h00"]
[Site "Shopping Metrô Tatuapé - Rua Domingos Agostim, 91, São Paulo/SP 03306-010"]
[Date "2024.02.03"]
[Round "7"]
[Board "14"]
[White "Awoki, Daniel Teidi"]
[Black "Santos, Isaque Goncalves"]
[Result "1-0"]
[WhiteElo "2152"]
[BlackElo "1996"]
[PlyCount "161"]
[EventDate "2024.01.29"]
[EventRounds "9"]
[EventCountry "BRA"]

1. d4 d5 2. Nf3 Nf6 3. c4 c6 4. e3 Bg4 5. Nc3 e6 6. Bd3 Nbd7 7. O-O Bd6 8. Qc2 O-O
9. b3 Qc7 10. c5 Be7 11. Bb2 e5 12. Nxe5 Nxe5 13. dxe5 Qxe5 14. Ne4 Qh5 15. Nxf6+
Bxf6 16. Bxf6 gxf6 17. h3 Bd7 18. Rad1 Kh8 19. Be2 Qe5 20. Rd4 Rg8 21. Rh4 Rg7 22.
Rh5 f5 23. Bf3 Rag8 24. Rd1 Qf6 25. Kf1 Rg5 26. Rxg5 Qxg5 27. Rd4 Qd8 28. Rf4 Bc8
29. g3 Qf6 30. h4 b6 31. Kg2 b5 32. Be2 a5 33. Qd2 b4 34. Qd4 Qxd4 35. Rxd4 Re8 36.
Bd3 Be6 37. Rf4 Kg7 38. Bxf5 Bxf5 39. Rxf5 Rb8 40. e4 dxe4 41. Kf1 Rd8 42. Ke2 Rd3
43. Re5 Rc3 44. Kd2 Kf6 45. Rxe4 Rxc5 46. Re3 Kf5 47. Rf3+ Ke6 48. g4 f6 49. Re3+
Kf7 50. Rd3 h5 51. f3 Ke6 52. Ke3 Re5+ 53. Kf4 Kf7 54. Rd2 Rc5 55. g5 fxg5+ 56. hxg5
Ke6 57. Re2+ Kf7 58. Rd2 Ke6 59. Re2+ Kf7 60. Re1 Rc2 61. Rd1 Rxa2 62. Kf5 Re2 63.
Rd7+ Ke8 64. Ra7 Re3 65. f4 h4 66. Kf6 h3 67. Rh7 a4 68. Rh8+ Kd7 69. Rh7+ Kd6 70.
g6 axb3 71. g7 Rg3 72. Rxh3 Rg4 73. f5 c5 74. Rxb3 Kd5 75. Kf7 Kc4 76. Rb1 Kc3 77.
g8=Q Rxg8 78. Kxg8 Kc2 79. Rh1 b3 80. f6 b2 81. f7  1-0

[Event "Sampa Chess Open - Local Piso Superior (ao lado da Renner) às 19h00"]
[Site "Shopping Metrô Tatuapé - Rua Domingos Agostim, 91, São Paulo/SP 03306-010"]
[Date "2024.02.03"]
[Round "7"]
[Board "15"]
[White "Cueto, Jonny"]
[Black "Tsuboi, Edson Kenji"]
[Result "1-0"]
[WhiteElo "2108"]
[BlackElo "2200"]
[PlyCount "109"]
[EventDate "2024.01.29"]
[EventRounds "9"]
[EventCountry "BRA"]

1. d4 Nf6 2. Nf3 g6 3. Bf4 Bg7 4. Nc3 d5 5. e3 Bg4 6. Be2 c6 7. Ne5 Bxe2 8. Qxe2
Qa5 9. O-O O-O 10. Rfb1 Nfd7 11. b4 Qd8 12. Nf3 Re8 13. b5 e5 14. Nxe5 Nxe5 15. Bxe5
Bxe5 16. dxe5 Rxe5 17. Qd2 Nd7 18. Rb4 c5 19. Rf4 Nf8 20. Rd1 Ne6 21. Nxd5 Nxf4 22.
exf4 Re6 23. g3 c4 24. Qd4 Rc8 25. Qxa7 b6 26. a4 Rc5 27. Ne3 Rd6 28. Rxd6 Qxd6 29.
c3 Kg7 30. h4 h5 31. Qb7 Qe6 32. Qb8 Rc8 33. Qb7 Rc5 34. Kg2 Kg8 35. Kf3 f5 36. Kg2
Kh8 37. Kf1 Kg8 38. Qf3 Qd6 39. Kg2 Kf7 40. Qa8 Kg7 41. Qe8 Kf6 42. Qg8 Ke7 43. Nxc4
Qc7 44. Qg7+ Kd8 45. Qh8+ Ke7 46. Qg7+ Kd8 47. Qg8+ Ke7 48. Ne5 Rxc3 49. Qf7+ Kd6
50. Qxg6+ Kc5 51. Qxf5 Kb4 52. Qe4+ Ka3 53. Nc6 Qd6 54. f5 Qc5 55. f6  1-0

[Event "Sampa Chess Open - Local Piso Superior (ao lado da Renner) às 19h00"]
[Site "Shopping Metrô Tatuapé - Rua Domingos Agostim, 91, São Paulo/SP 03306-010"]
[Date "2024.02.03"]
[Round "7"]
[Board "16"]
[White "Santos, Marcus Vinicius Moreira"]
[Black "De Paula, Luan Araujo"]
[Result "1-0"]
[WhiteElo "2331"]
[BlackElo "1863"]
[PlyCount "97"]
[EventDate "2024.01.29"]
[EventRounds "9"]
[EventCountry "BRA"]

1. d4 Nf6 2. c4 c5 3. d5 b5 4. cxb5 a6 5. bxa6 g6 6. Nc3 Bg7 7. g3 O-O 8. Bg2 d6
9. Nh3 Bxa6 10. O-O Nbd7 11. Qc2 Qa5 12. Bd2 Rfb8 13. Rab1 Ne5 14. b3 Qd8 15. Nf4
Bc8 16. Nd3 Bf5 17. e4 Nxd3 18. Qxd3 Bc8 19. Rfc1 Ng4 20. Qc2 Ne5 21. Bf4 Bg4 22.
Bxe5 Bxe5 23. a4 Qd7 24. f3 Bh3 25. Nb5 Bxg2 26. Kxg2 Rxb5 27. axb5 Qxb5 28. Re1
Ra3 29. Re2 Bd4 30. Qc4 Qb6 31. f4 Qa7 32. e5 Ra1 33. Rbe1 Rxe1 34. Rxe1 Qa2+ 35.
Kh1 dxe5 36. fxe5 e6 37. Qe2 Qxe2 38. Rxe2 exd5 39. e6 fxe6 40. Rxe6 Bc3 41. Rd6
d4 42. Kg2 Kf7 43. Kf3 Ke7 44. Rc6 Bb4 45. Ke4 Kd7 46. Ra6 Kc7 47. Ra7+ Kb6 48. Rxh7
Bc3 49. Kd3  1-0

[Event "Sampa Chess Open - Local Piso Superior (ao lado da Renner) às 19h00"]
[Site "Shopping Metrô Tatuapé - Rua Domingos Agostim, 91, São Paulo/SP 03306-010"]
[Date "2024.02.03"]
[Round "7"]
[Board "17"]
[White "Terao, Juliana Sayumi"]
[Black "Gazineu Neto, Rubens"]
[Result "1-0"]
[WhiteElo "2198"]
[BlackElo "1912"]
[PlyCount "49"]
[EventDate "2024.01.29"]
[EventRounds "9"]
[EventCountry "BRA"]

1. e4 c5 2. Nf3 Nc6 3. c3 Nf6 4. e5 Nd5 5. Bc4 Nb6 6. Bb3 c4 7. Bc2 d6 8. exd6 Qxd6
9. O-O Bg4 10. h3 Bh5 11. Re1 O-O-O 12. b3 Qf6 13. Na3 e6 14. Nxc4 Nxc4 15. bxc4
Ne5 16. Rxe5 Bxf3 17. Qe1 Bc6 18. d4 h6 19. c5 Rg8 20. Be4 Be7 21. Rb1 Qh4 22. Bxc6
bxc6 23. Rxe6 fxe6 24. Qxe6+ Kc7 25. g3  1-0

[Event "Sampa Chess Open - Local Piso Superior (ao lado da Renner) às 19h00"]
[Site "Shopping Metrô Tatuapé - Rua Domingos Agostim, 91, São Paulo/SP 03306-010"]
[Date "2024.02.03"]
[Round "7"]
[Board "18"]
[White "Dias, Clara"]
[Black "Ribeiro, Matheus Mendes Domingues"]
[Result "0-1"]
[WhiteElo "1717"]
[BlackElo "2130"]
[PlyCount "64"]
[EventDate "2024.01.29"]
[EventRounds "9"]
[EventCountry "BRA"]

1. e4 c6 2. d4 d5 3. Nc3 dxe4 4. Nxe4 Nf6 5. Nxf6+ exf6 6. c3 Bd6 7. Bd3 O-O 8. Qc2
Re8+ 9. Ne2 h5 10. O-O h4 11. h3 Nd7 12. Be3 Nf8 13. Rfd1 Bb8 14. c4 Qc7 15. Nf4
Ne6 16. Bh7+ Kh8 17. Qe4 g5 18. Nh5 Bd7 19. Qf3 Qh2+ 20. Kf1 Nf4 21. Nxf4 gxf4 22.
Bc2 Kg7 23. Ke2 fxe3 24. fxe3 Bf4 25. e4 Qg3 26. Rd3 Qxf3+ 27. Rxf3 Bg5 28. Raf1
Re7 29. g4 a5 30. c5 Be6 31. Kd3 b5 32. b3 Rd8  0-1